<?xml version="1.0" encoding="UTF-8"?>
<collection xmlns="http://www.loc.gov/MARC21/slim">
 <record>
  <leader>01669nam a22002417a 4500</leader>
  <controlfield tag="001">NCT_62189</controlfield>
  <controlfield tag="008">190406b        xxu||||| |||| 00| 0 vie d</controlfield>
  <datafield tag="999" ind1=" " ind2=" ">
   <subfield code="c">3012</subfield>
   <subfield code="d">3012</subfield>
  </datafield>
  <datafield tag="020" ind1=" " ind2=" ">
   <subfield code="c">315000</subfield>
  </datafield>
  <datafield tag="082" ind1="0" ind2="4">
   <subfield code="2">23rd ed.</subfield>
   <subfield code="a">617.5</subfield>
   <subfield code="b">B312</subfield>
  </datafield>
  <datafield tag="100" ind1="1" ind2=" ">
   <subfield code="a">Nguyễn Tiến Bình</subfield>
   <subfield code="e">Chủ biên</subfield>
  </datafield>
  <datafield tag="245" ind1="1" ind2="0">
   <subfield code="a">Lâm sàng và kỹ thuật xử trí vết thương, chấn thương mạch máu chi thể</subfield>
   <subfield code="b">(Sách chuyên khảo sau đại học)</subfield>
   <subfield code="c">Nguyễn Tiến Bình, Nguyễn Trường Giang (chủ biên); Hoàng Đình Anh (biên soạn)</subfield>
  </datafield>
  <datafield tag="260" ind1=" " ind2=" ">
   <subfield code="a">H.</subfield>
   <subfield code="b">Quân đội nhân dân</subfield>
   <subfield code="c">2014</subfield>
  </datafield>
  <datafield tag="300" ind1=" " ind2=" ">
   <subfield code="a">261 tr.</subfield>
   <subfield code="b">Minh họa</subfield>
   <subfield code="c">27cm</subfield>
  </datafield>
  <datafield tag="500" ind1=" " ind2=" ">
   <subfield code="a">ĐTTS ghi: Bộ Quốc phòng. Học viện Quân y</subfield>
  </datafield>
  <datafield tag="520" ind1="3" ind2=" ">
   <subfield code="a">Chấn thương, vết thương mạch máu chi thể là loại tổn thương thường gập trong thời chiến và thời bình. Nếu không được chẩn đoán, phẫu thuật chính xác và kịp thời có thể dẫn đến hậu quả nặng nề là cụt chi, thậm chí nguy hiểm đến tính mạng.</subfield>
  </datafield>
  <datafield tag="653" ind1=" " ind2=" ">
   <subfield code="a">Y Đa khoa</subfield>
  </datafield>
  <datafield tag="700" ind1="1" ind2=" ">
   <subfield code="a">Nguyễn Trường Giang </subfield>
   <subfield code="e">Chủ biên</subfield>
  </datafield>
  <datafield tag="700" ind1="1" ind2=" ">
   <subfield code="a">Hoàng Đình Anh</subfield>
   <subfield code="e">Biên soạn</subfield>
  </datafield>
  <datafield tag="942" ind1=" " ind2=" ">
   <subfield code="2">ddc</subfield>
   <subfield code="c">BK</subfield>
  </datafield>
  <datafield tag="952" ind1=" " ind2=" ">
   <subfield code="0">0</subfield>
   <subfield code="1">0</subfield>
   <subfield code="2">ddc</subfield>
   <subfield code="4">0</subfield>
   <subfield code="6">617_500000000000000_B312</subfield>
   <subfield code="7">0</subfield>
   <subfield code="9">16357</subfield>
   <subfield code="a">000001</subfield>
   <subfield code="b">000001</subfield>
   <subfield code="d">2019-04-06</subfield>
   <subfield code="l">1</subfield>
   <subfield code="o">617.5 B312</subfield>
   <subfield code="p">MD.15066</subfield>
   <subfield code="r">2020-10-01</subfield>
   <subfield code="s">2020-09-17</subfield>
   <subfield code="v">315000.00</subfield>
   <subfield code="w">2019-04-06</subfield>
   <subfield code="y">BK</subfield>
  </datafield>
  <datafield tag="952" ind1=" " ind2=" ">
   <subfield code="0">0</subfield>
   <subfield code="1">0</subfield>
   <subfield code="2">ddc</subfield>
   <subfield code="4">0</subfield>
   <subfield code="6">617_500000000000000_B312</subfield>
   <subfield code="7">0</subfield>
   <subfield code="9">16358</subfield>
   <subfield code="a">000001</subfield>
   <subfield code="b">000001</subfield>
   <subfield code="d">2019-04-06</subfield>
   <subfield code="o">617.5 B312</subfield>
   <subfield code="p">MD.15067</subfield>
   <subfield code="r">2019-04-06</subfield>
   <subfield code="v">315000.00</subfield>
   <subfield code="w">2019-04-06</subfield>
   <subfield code="y">BK</subfield>
  </datafield>
  <datafield tag="980" ind1=" " ind2=" ">
   <subfield code="a">Thư viện Trường Đại học Nam Cần Thơ</subfield>
  </datafield>
 </record>
</collection>
